<?xml version="1.0" encoding="UTF-8"?>
<marc:record xmlns:marc="http://www.loc.gov/MARC21/slim">
   <marc:leader>00000nam a2200000 a 4500</marc:leader>
   <marc:datafield ind1="1" ind2=" " tag="100">
      <marc:subfield code="a">Lispector, Clarice</marc:subfield>
      <marc:subfield code="4">aut</marc:subfield>
      <marc:subfield code="e">Verfasser/-in</marc:subfield>
   </marc:datafield>
   <marc:datafield ind1="1" ind2=" " tag="100">
      <marc:subfield code="a">Mertin, Ray-Güde</marc:subfield>
      <marc:subfield code="4">trl</marc:subfield>
      <marc:subfield code="e">Übersetzer/-in</marc:subfield>
   </marc:datafield>
   <marc:datafield ind1="1" ind2=" " tag="100">
      <marc:subfield code="a">Santa Cruz, Corinna</marc:subfield>
      <marc:subfield code="4">ctb</marc:subfield>
      <marc:subfield code="e">Mitwirkende/-r</marc:subfield>
   </marc:datafield>
   <marc:datafield ind1="1" ind2=" " tag="100">
      <marc:subfield code="a">Lispector, Clarice</marc:subfield>
   </marc:datafield>
   <marc:datafield ind1=" " ind2=" " tag="653">
      <marc:subfield code="a">Softcover / Belletristik/Gegenwartsliteratur (ab 1945)</marc:subfield>
   </marc:datafield>
   <marc:datafield ind1=" " ind2=" " tag="653">
      <marc:subfield code="a">Brasilien; Buchmesse; 2013; Stimme; Autorin; Stimme Brasiliens;</marc:subfield>
   </marc:datafield>
   <marc:datafield ind1=" " ind2=" " tag="653">
      <marc:subfield code="a">Erzählende Literatur: Gegenwartsliteratur ab 1945</marc:subfield>
   </marc:datafield>
   <marc:datafield ind1="0" ind2="0" tag="245">
      <marc:subfield code="a">Nahe dem wilden Herzen</marc:subfield>
   </marc:datafield>
   <marc:datafield ind1="0" ind2="0" tag="245">
      <marc:subfield code="b">Roman</marc:subfield>
   </marc:datafield>
   <marc:datafield ind1="0" ind2="0" tag="245">
      <marc:subfield code="c">Clarice Lispector. Aus dem brasil. portug. von Ray-Güde Mertin. Überarb. von Corinna Santa Cruz</marc:subfield>
   </marc:datafield>
   <marc:datafield ind1=" " ind2="1" tag="264">
      <marc:subfield code="a">Frankfurt, M.</marc:subfield>
      <marc:subfield code="b">Schöffling</marc:subfield>
      <marc:subfield code="c">2013</marc:subfield>
   </marc:datafield>
   <marc:datafield ind1=" " ind2=" " tag="250">
      <marc:subfield code="a">1. Aufl.</marc:subfield>
   </marc:datafield>
   <marc:datafield ind1="1" ind2=" " tag="520">
      <marc:subfield code="a">Angaben aus der Verlagsmeldung

Nahe dem wilden Herzen / von Clarice Lispector

»Ein fulminantes Debüt, frisch und wahrhaftig!« (Felix Philipp Ingold, Neue Zürcher Zeitung)

1943: Das Romandebüt einer Dreiundzwanzigjährigen ist die literarische Sensation – zum ersten Mal wagt es eine brasilianische Schriftstellerin, das komplexe Innenleben ihrer Heldin offenzulegen und die konventionellen Gesellschaftsmuster zu hinterfragen. Selbstbewusst bezieht sie sich auf Joyce und fügt der Moderne ihre ganz eigene weibliche Stimme hinzu. In »Nahe dem wilden Herzen« konzentriert sich Clarice Lispector auf die Reflexionen ihrer Heldin Joana und dringt in die Tiefen ihrer Gefühlswelt vor. Das Lebensumfeld der jungen Frau blitzt darin nur gelegentlich auf: Da ist der frühe Tod des Vaters, die unglückliche Kindheit bei der Tante, die Einsamkeit im Internat, die am gegenseitigen Betrug scheiternde Ehe mit dem Rechtsanwalt Otávio. Auch wenn sie Isolation dafür in Kauf nehmen muss, beschreitet Joana gegen innere und äußere Widerstände unbeirrbar ihren Weg zu ihrem eigenen inneren Reichtum, ihrem »wilden Herzen«.
</marc:subfield>
   </marc:datafield>
   <marc:datafield ind1=" " ind2=" " tag="020">
      <marc:subfield code="a">9783895616204</marc:subfield>
      <marc:subfield code="9">9783895616204</marc:subfield>
   </marc:datafield>
   <marc:datafield ind1=" " ind2=" " tag="020">
      <marc:subfield code="a">3895616206</marc:subfield>
      <marc:subfield code="9">3895616206</marc:subfield>
   </marc:datafield>
   <marc:datafield ind1=" " ind2=" " tag="300">
      <marc:subfield code="a">267 S.</marc:subfield>
   </marc:datafield>
</marc:record>
